00557nam a2200133Ia 4500003000900000005001700009008004100026040002800067110006300095245011000158260008000268300004500348650003000393DO-SdBJH20180416223627.0180414s9999 dr 000 0 spa d aDO-SdBJHbspacDO-SdBJH aInstituto de Cooperación para la Seguridad Hemisférica10aFM 23-14 Squad automatic weapon (Saw), M 249 / Instituto de Cooperación para la Seguridad Hemisférica aFuerte Benning, Georgia : Cuartel General Secretaría del Ejército, 1985 avi, 124 páginas en varias paginaciones 4aArmas automáticas (SAW)